000 01780cam a22003374a 4500
001 11947371
005 20001016102401.0
008 000320r20012005njua |rb 001 0 eng
010 _a 00036738
020 _a0131973096
020 _a0130814199
040 _aDLC
_cDLC
_dDLC
042 _apcc
050 0 0 _aTA1145
_b.P33 2001
082 0 0 _a629.04
_222
_bPAP
100 1 _aPapacostas, C. S.
_94676
245 1 0 _aTransportation Engineering and Planning /
_cC.S. Papacostas, P.D. Prevedouros ; SI Conversion by Othman Che Puan.
250 _aSI ed. & 3rd ed.
260 _aUpper Saddle River, NJ :
_bPrentice Hall, 2001
_cc2001.
300 _axviii, 685 p. :
_bill. ;
_c24 cm.
504 _aIncludes bibliographical references and index.
650 0 _aTransportation engineering.
_94677
700 1 _aPrevedouros, P. D.
_q(Panos D.),
_d1961-
_94678
700 1 _aPuan, Othman Che
_94679
942 _2ddc
_cBB
999 _c11518
_d11518